000 00839cam a2200217 i 4500
005 20260121105509.0
008 250721s2005 jo gr 000 0 ara d
082 1 4 _a341.40956
_b ع ض ا
100 1 _aالعضايلة، عادل محمد
_eمؤلف.
245 1 2 _aالصراع على المياه في الشرق الأوسط :
_b( الحرب و السلام ) /
_cتأليف الدكتور عادل محمد العضايله.
250 _aالطبعة الاولى.
264 3 1 _aعمان :
_bدار الشروق للنشر،
_c2005.
300 _a407صفحة.
650 1 7 _aالقانون الدولي.
650 1 7 _aالمياة.
650 1 7 _aالنزاع العربي الإسرائيلي.
650 1 7 _aالمعاهدات.
650 1 7 _aإسرائيل.
942 _2ddc
_cBK
999 _c96000
_d96000